| 000 | 01598nam a2200277 a 4500 | ||
|---|---|---|---|
| 001 | 79839 | ||
| 003 | BD-RjUL | ||
| 005 | 20220524100758.0 | ||
| 008 | 220524s2009 bg ||||| m||| 00| 0 ben d | ||
| 035 | _a(BD-RjUL)79839 | ||
| 040 |
_aBD-RjUL _bben/eng _cBD-RjUL _dBD-RjUL |
||
| 041 | _aben | ||
| 082 |
_223 _a297.283 _bROE 2009 |
||
| 100 |
_aরউফ, মো: আব্দুর _93142 |
||
| 245 | 1 | 0 |
_aইসলাম ও খ্রীষ্টান ধর্মের` আকীদাহ : _bএকটি তুলনামূলক পর্যালোচনা / _cমো: আব্দুর রউফ _6তত্বাবধায়ক : মোহাম্মদ আসাদুজ্জামান |
| 260 |
_aরাজশাহী : _bইসলামিক স্টাডিজ বিভাগ, রাজশাহী বিশ্ববিদ্যালয়, _c২০০৯ |
||
| 300 |
_a[১], vii, ১১৯ পাতা ; _c২৯ সেমি. |
||
| 502 | _aথিসিস (এম.ফিল.) --ইসলামিক স্টাডিজ বিভাগ, রাজশাহী বিশ্ববিদ্যালয়,২০০৯ | ||
| 504 | _aগ্রন্থপঞ্জি : পাতা ১১৬-১১৯ | ||
| 650 |
_aইসলাম _xসম্পর্ক _93143 |
||
| 650 |
_aIslam _xRelations _93144 |
||
| 650 |
_aখ্রিস্টধর্ম _xসম্পর্ক _93145 |
||
| 650 |
_aChristianity _xRelations _93146 |
||
| 700 |
_aআসাদুজ্জামান, মোহাম্মদ ,তত্বাবধায়ক _93147 |
||
| 942 |
_2ddc _cTHE |
||
| 999 |
_c79839 _d79839 |
||